| 000 | 00502nam a22001697a 4500 | ||
|---|---|---|---|
| 999 |
_c12482 _d12482 |
||
| 008 | 240626b 2023 ||||| |||| 00| 0 eng d | ||
| 020 | _a9789355422385 | ||
| 082 |
_a621.3 _bFER |
||
| 100 | _aFernandez, Elstan A. | ||
| 245 | _aMarine electrical power generation and distribution | ||
| 260 |
_aMumbai _bShroff Publishers _c2023 |
||
| 300 | _a296p. | ||
| 650 | _aAlternating current generators | ||
| 650 | _aDirect current generators | ||
| 650 | _aPower generation onboard ships | ||
| 942 | _cBK | ||